[Event "Blitz 2018"]
[Site "Saint-Petersburg"]
[Date "2018.12.29"]
[Round "4"]
[Board "96"]
[White "Kobo Ori (ISR)"]
[Black "Iljin Artem (RUS)"]
[Result "1/2-1/2"]
[BlackElo "2525"]
[WhiteElo "2401"]
[LiveChessVersion "1.4.8"]

1. Nf3 {[%clk 0:03:02]} Nf6 {[%clk 0:03:03]} 2. c4 {[%clk 0:03:03]} e6
{[%clk 0:03:01]} 3. g3 {[%clk 0:03:04]} b6 {[%clk 0:02:55]} 4. Bg2
{[%clk 0:03:05]} Bb7 {[%clk 0:02:56]} 5. O-O {[%clk 0:03:06]} c5 {[%clk 0:02:48]}
6. Nc3 {[%clk 0:03:06]} Be7 {[%clk 0:02:48]} 7. Re1 {[%clk 0:03:07]} a6
{[%clk 0:02:39]} 8. e4 {[%clk 0:03:07]} d6 {[%clk 0:02:41]} 9. d4
{[%clk 0:03:09]} cxd4 {[%clk 0:02:42]} 10. Nxd4 {[%clk 0:03:10]} Qc7
{[%clk 0:02:43]} 11. Be3 {[%clk 0:03:08]} Nbd7 {[%clk 0:02:43]} 12. Rc1
{[%clk 0:03:07]} O-O {[%clk 0:02:13]} 13. f4 {[%clk 0:03:07]} Rfc8
{[%clk 0:02:06]} 14. Bf2 {[%clk 0:02:53]} g6 {[%clk 0:01:45]} 15. b3
{[%clk 0:02:32]} Rab8 {[%clk 0:01:44]} 16. h3 {[%clk 0:02:21]} Qd8
{[%clk 0:01:32]} 17. a4 {[%clk 0:01:41]} Nc5 {[%clk 0:01:15]} 18. e5
{[%clk 0:01:22]} Ne8 {[%clk 0:01:04]} 19. Bxb7 {[%clk 0:01:17]} Rxb7
{[%clk 0:01:05]} 20. Qf3 {[%clk 0:01:12]} Rbc7 {[%clk 0:00:41]} 21. Rcd1
{[%clk 0:01:13]} Nd7 {[%clk 0:00:39]} 22. exd6 {[%clk 0:00:43]} Nxd6
{[%clk 0:00:39]} 23. Ne4 {[%clk 0:00:40]} Nxe4 {[%clk 0:00:38]} 24. Qxe4
{[%clk 0:00:41]} Nf6 {[%clk 0:00:25]} 25. Qe2 {[%clk 0:00:33]} Qf8
{[%clk 0:00:25]} 26. Nf3 {[%clk 0:00:29]} Bb4 {[%clk 0:00:13]} 27. Rf1
{[%clk 0:00:28]} Bc5 {[%clk 0:00:14]} 28. Ne5 {[%clk 0:00:28]} Rd8
{[%clk 0:00:07]} 29. Rxd8 {[%clk 0:00:28]} Qxd8 {[%clk 0:00:08]} 30. Bxc5
{[%clk 0:00:28]} Rxc5 {[%clk 0:00:05]} 31. Rd1 {[%clk 0:00:29]} Qe7
{[%clk 0:00:03]} 32. Qd3 {[%clk 0:00:29]} Rc8 {[%clk 0:00:04]} 33. Qd6
{[%clk 0:00:27]} Qb7 {[%clk 0:00:05]} 34. Qd4 {[%clk 0:00:19]} b5
{[%clk 0:00:05]} 35. axb5 {[%clk 0:00:15]} axb5 {[%clk 0:00:06]} 36. c5
{[%clk 0:00:16]} Nd5 {[%clk 0:00:07]} 37. c6 {[%clk 0:00:17]} Qa8
{[%clk 0:00:05]} 38. Ra1 {[%clk 0:00:17]} Qb8 {[%clk 0:00:05]} 39. Ra7
{[%clk 0:00:09]} Rc7 {[%clk 0:00:06]} 40. Ra5 {[%clk 0:00:08]} b4
{[%clk 0:00:06]} 41. Qc5 {[%clk 0:00:09]} Kg7 {[%clk 0:00:06]} 42. Kf2
{[%clk 0:00:08]} Qd8 {[%clk 0:00:06]} 43. Qd4 {[%clk 0:00:08]} Qf6
{[%clk 0:00:07]} 44. Ra7 {[%clk 0:00:07]} h5 {[%clk 0:00:06]} 45. Rxc7
{[%clk 0:00:08]} Nxc7 {[%clk 0:00:07]} 46. Qd6 {[%clk 0:00:07]} Nd5
{[%clk 0:00:06]} 47. c7 {[%clk 0:00:08]} Ne7 {[%clk 0:00:06]} 48. Qxe7
{[%clk 0:00:08]} Qxe7 {[%clk 0:00:07]} 49. c8=Q {[%clk 0:00:07]} Qa7+
{[%clk 0:00:08]} 50. Kf3 {[%clk 0:00:06]} Qg1 {[%clk 0:00:07]} 51. Qc2
{[%clk 0:00:05]} Qf1+ {[%clk 0:00:07]} 52. Qf2 {[%clk 0:00:05]} Qd1+
{[%clk 0:00:09]} 53. Kg2 {[%clk 0:00:05]} Qd5+ {[%clk 0:00:10]} 54. Kh2
{[%clk 0:00:06]} Qxb3 {[%clk 0:00:11]} 55. g4 {[%clk 0:00:05]} hxg4
{[%clk 0:00:11]} 56. hxg4 {[%clk 0:00:06]} Qc3 {[%clk 0:00:13]} 57. Nf3
{[%clk 0:00:05]} b3 {[%clk 0:00:13]} 58. Nd2 {[%clk 0:00:04]} b2 {[%clk 0:00:14]}
59. Kg2 {[%clk 0:00:05]} Qc2 {[%clk 0:00:12]} 60. Qd4+ {[%clk 0:00:05]} Kh7
{[%clk 0:00:11]} 61. Kg3 {[%clk 0:00:06]} Qxd2 {[%clk 0:00:09]} 62. Qxd2
{[%clk 0:00:07]} b1=Q {[%clk 0:00:09]} 63. Qd7 {[%clk 0:00:07]} Kg7
{[%clk 0:00:09]} 64. Qd4+ {[%clk 0:00:08]} Kg8 {[%clk 0:00:10]} 65. Qd8+
{[%clk 0:00:09]} Kh7 {[%clk 0:00:11]} 66. Qd7 {[%clk 0:00:09]} Qg1+
{[%clk 0:00:09]} 67. Kf3 {[%clk 0:00:10]} Qf1+ {[%clk 0:00:10]} 68. Kg3
{[%clk 0:00:11]} Qg1+ {[%clk 0:00:09]} 69. Kf3 {[%clk 0:00:12]} Kg7
{[%clk 0:00:10]} 70. g5 {[%clk 0:00:10]} Qf1+ {[%clk 0:00:10]} 71. Kg3
{[%clk 0:00:11]} Qe1+ {[%clk 0:00:11]} 72. Kg4 {[%clk 0:00:06]} Qc3
{[%clk 0:00:12]} 73. Qd6 {[%clk 0:00:06]} Qb2 {[%clk 0:00:11]} 74. Kg3
{[%clk 0:00:05]} Qc3+ {[%clk 0:00:10]} 75. Kg4 {[%clk 0:00:06]} Qe3
{[%clk 0:00:10]} 76. Qc7 {[%clk 0:00:05]} Qe2+ {[%clk 0:00:07]} 77. Kg3
{[%clk 0:00:07]} Qe3+ {[%clk 0:00:08]} 78. Kg4 {[%clk 0:00:08]} Qe2+
{[%clk 0:00:06]} 1/2-1/2

[Event "Blitz 2018"]
[Site "Saint-Petersburg"]
[Date "2018.12.29"]
[Round "4"]
[Board "97"]
[White "Zhigalko Andrey (BLR)"]
[Black "Dubrovin Robert (EST)"]
[Result "0-1"]
[BlackElo "2176"]
[WhiteElo "2493"]
[LiveChessVersion "1.4.8"]

1. e4 {[%clk 0:03:03]} e6 {[%clk 0:03:03]} 2. d4 {[%clk 0:03:04]} d5
{[%clk 0:03:04]} 3. exd5 {[%clk 0:03:05]} exd5 {[%clk 0:03:05]} 4. Nf3
{[%clk 0:03:06]} Bd6 {[%clk 0:03:06]} 5. c4 {[%clk 0:03:07]} Nf6 {[%clk 0:03:06]}
6. Nc3 {[%clk 0:03:07]} O-O {[%clk 0:03:05]} 7. cxd5 {[%clk 0:03:05]} Re8+
{[%clk 0:03:05]} 8. Be2 {[%clk 0:03:04]} Nbd7 {[%clk 0:03:02]} 9. O-O
{[%clk 0:02:59]} Nb6 {[%clk 0:03:01]} 10. Bg5 {[%clk 0:02:36]} h6
{[%clk 0:03:03]} 11. Bh4 {[%clk 0:02:35]} Be7 {[%clk 0:03:04]} 12. Ne5
{[%clk 0:02:17]} Nfxd5 {[%clk 0:02:40]} 13. Bg3 {[%clk 0:02:17]} Be6
{[%clk 0:02:23]} 14. Re1 {[%clk 0:02:02]} c6 {[%clk 0:02:23]} 15. Bd3
{[%clk 0:01:53]} Nxc3 {[%clk 0:02:19]} 16. bxc3 {[%clk 0:01:54]} Nd5
{[%clk 0:02:18]} 17. Qc2 {[%clk 0:01:37]} Nf6 {[%clk 0:02:18]} 18. Rad1
{[%clk 0:01:32]} Qa5 {[%clk 0:02:12]} 19. Re2 {[%clk 0:01:19]} Rad8
{[%clk 0:02:12]} 20. Rde1 {[%clk 0:01:14]} Qa3 {[%clk 0:01:49]} 21. Re3
{[%clk 0:00:59]} c5 {[%clk 0:01:34]} 22. c4 {[%clk 0:00:49]} Qa5 {[%clk 0:01:07]}
23. d5 {[%clk 0:00:48]} Bc8 {[%clk 0:01:06]} 24. h3 {[%clk 0:00:32]} Bd6
{[%clk 0:00:45]} 25. R1e2 {[%clk 0:00:32]} Qc7 {[%clk 0:00:43]} 26. f4
{[%clk 0:00:28]} Nh5 {[%clk 0:00:38]} 27. Bh2 {[%clk 0:00:25]} Re7
{[%clk 0:00:13]} 28. g4 {[%clk 0:00:24]} Nf6 {[%clk 0:00:13]} 29. Bg3
{[%clk 0:00:19]} Nd7 {[%clk 0:00:10]} 30. Kg2 {[%clk 0:00:12]} Rde8
{[%clk 0:00:11]} 31. Qc3 {[%clk 0:00:07]} f6 {[%clk 0:00:10]} 32. Nxd7
{[%clk 0:00:05]} Rxe3 {[%clk 0:00:10]} 33. Rxe3 {[%clk 0:00:04]} Rxe3
{[%clk 0:00:11]} 34. Bh7+ {[%clk 0:00:03]} Kxh7 {[%clk 0:00:11]} 35. Nxf6+
{[%clk 0:00:04]} gxf6 {[%clk 0:00:11]} 36. Qxe3 {[%clk 0:00:05]} Qe7
{[%clk 0:00:09]} 37. Qd3+ Kg7 38. Kf3 {[%clk 0:00:04]} Bd7 {[%clk 0:00:12]} 39.
Bh4 {[%clk 0:00:04]} a6 {[%clk 0:00:10]} 40. Be1 {[%clk 0:00:03]} b5
{[%clk 0:00:10]} 41. Bc3 {[%clk 0:00:03]} bxc4 {[%clk 0:00:11]} 42. Qxc4
{[%clk 0:00:04]} Bb5 {[%clk 0:00:12]} 43. Qe4 {[%clk 0:00:04]} Qxe4+
{[%clk 0:00:11]} 44. Kxe4 {[%clk 0:00:05]} Kf7 {[%clk 0:00:08]} 45. h4
{[%clk 0:00:06]} Be2 {[%clk 0:00:08]} 46. g5 {[%clk 0:00:06]} fxg5
{[%clk 0:00:09]} 47. fxg5 {[%clk 0:00:06]} h5 {[%clk 0:00:07]} 48. Be5
{[%clk 0:00:06]} Bxe5 {[%clk 0:00:04]} 49. Kxe5 {[%clk 0:00:07]} c4
{[%clk 0:00:04]} 50. Kd4 {[%clk 0:00:04]} Bd3 {[%clk 0:00:06]} 51. a3
{[%clk 0:00:03]} Ke7 {[%clk 0:00:07]} 52. a4 {[%clk 0:00:04]} a5 {[%clk 0:00:08]}
53. g6 {[%clk 0:00:04]} Bxg6 {[%clk 0:00:06]} 54. Kxc4 {[%clk 0:00:06]} Kd6
{[%clk 0:00:07]} 55. Kb5 {[%clk 0:00:07]} Bc2 {[%clk 0:00:08]} 56. Kxa5
{[%clk 0:00:08]} Kxd5 {[%clk 0:00:09]} 57. Kb4 {[%clk 0:00:09]} Ke5
{[%clk 0:00:09]} 58. a5 {[%clk 0:00:09]} Kf4 {[%clk 0:00:10]} 59. Kc3
{[%clk 0:00:09]} Be4 {[%clk 0:00:11]} 60. Kd4 {[%clk 0:00:11]} Ba8
{[%clk 0:00:11]} 61. a6 {[%clk 0:00:11]} Kg4 {[%clk 0:00:12]} 62. Ke3
{[%clk 0:00:08]} Kxh4 {[%clk 0:00:13]} 63. Kf4 {[%clk 0:00:09]} Bc6
{[%clk 0:00:11]} 64. a7 {[%clk 0:00:10]} Ba8 {[%clk 0:00:11]} 65. Ke5
{[%clk 0:00:09]} Kg5 {[%clk 0:00:12]} 0-1

[Event "Blitz 2018"]
[Site "Saint-Petersburg"]
[Date "2018.12.29"]
[Round "4"]
[Board "98"]
[White "Vlassov Nikolai (RUS)"]
[Black "Masrahi Abdulrahman A (KSA)"]
[Result "1-0"]
[BlackElo "1966"]
[WhiteElo "2438"]
[LiveChessVersion "1.4.8"]

1. e4 {[%clk 0:03:03]} e5 {[%clk 0:03:03]} 2. Bc4 {[%clk 0:03:05]} Nf6
{[%clk 0:03:04]} 3. d3 {[%clk 0:03:06]} c6 {[%clk 0:03:05]} 4. Nf3
{[%clk 0:03:07]} d5 {[%clk 0:03:05]} 5. Bb3 {[%clk 0:03:08]} a5 {[%clk 0:03:07]}
6. c3 {[%clk 0:03:03]} Bd6 {[%clk 0:03:01]} 7. Bg5 {[%clk 0:02:51]} h6
{[%clk 0:02:43]} 8. Bxf6 {[%clk 0:02:51]} Qxf6 {[%clk 0:02:44]} 9. exd5
{[%clk 0:02:52]} cxd5 {[%clk 0:02:44]} 10. Bxd5 {[%clk 0:02:52]} O-O
{[%clk 0:02:44]} 11. O-O {[%clk 0:02:49]} Nc6 {[%clk 0:02:45]} 12. Nbd2
{[%clk 0:02:49]} Qg6 {[%clk 0:02:27]} 13. Ne4 {[%clk 0:02:42]} Bc7
{[%clk 0:02:21]} 14. Nh4 {[%clk 0:02:41]} Qh7 {[%clk 0:02:16]} 15. Qh5
{[%clk 0:02:41]} Be6 {[%clk 0:01:59]} 16. Bxe6 {[%clk 0:02:32]} fxe6
{[%clk 0:02:00]} 17. Rae1 {[%clk 0:02:32]} Ne7 {[%clk 0:01:51]} 18. Qg4
{[%clk 0:02:24]} Nf5 {[%clk 0:01:48]} 19. Ng6 {[%clk 0:02:23]} Rf7
{[%clk 0:01:41]} 20. h4 {[%clk 0:02:17]} h5 {[%clk 0:01:37]} 21. Qg5
{[%clk 0:02:16]} Bd8 {[%clk 0:01:24]} 22. Qd2 {[%clk 0:02:16]} Qxg6
{[%clk 0:01:23]} 23. Ng5 {[%clk 0:02:16]} Bxg5 {[%clk 0:01:22]} 24. hxg5
{[%clk 0:02:17]} h4 {[%clk 0:01:14]} 25. Rxe5 {[%clk 0:02:17]} Ra6
{[%clk 0:01:05]} 26. Rfe1 {[%clk 0:02:18]} Rd6 {[%clk 0:01:06]} 27. d4
{[%clk 0:02:18]} h3 {[%clk 0:01:01]} 28. g3 {[%clk 0:02:15]} Re7 {[%clk 0:00:47]}
29. R1e4 {[%clk 0:02:14]} Rd5 {[%clk 0:00:44]} 30. Kh2 {[%clk 0:02:06]} Rxe5
{[%clk 0:00:39]} 31. Rxe5 {[%clk 0:02:07]} b6 {[%clk 0:00:40]} 32. Kxh3
{[%clk 0:02:03]} Qh5+ {[%clk 0:00:34]} 33. Kg2 {[%clk 0:02:04]} Kf7
{[%clk 0:00:35]} 34. Qf4 {[%clk 0:02:04]} Kg8 {[%clk 0:00:30]} 35. Re1
{[%clk 0:01:54]} Qg6 {[%clk 0:00:27]} 36. c4 {[%clk 0:01:46]} Rd7
{[%clk 0:00:26]} 37. Re4 {[%clk 0:01:45]} Rf7 {[%clk 0:00:22]} 38. c5
{[%clk 0:01:35]} bxc5 {[%clk 0:00:21]} 39. dxc5 {[%clk 0:01:36]} Ne7
{[%clk 0:00:18]} 40. Qe5 {[%clk 0:01:30]} Nd5 {[%clk 0:00:08]} 41. Qxe6
{[%clk 0:01:21]} Qxe6 {[%clk 0:00:09]} 42. Rxe6 {[%clk 0:01:22]} Rc7
{[%clk 0:00:10]} 43. Re5 {[%clk 0:01:07]} Rxc5 {[%clk 0:00:07]} 44. g6
{[%clk 0:01:08]} Kf8 {[%clk 0:00:08]} 45. b3 {[%clk 0:01:05]} Rb5
{[%clk 0:00:07]} 46. a4 {[%clk 0:00:59]} Rc5 {[%clk 0:00:09]} 47. Kh3
{[%clk 0:00:56]} Rc3 {[%clk 0:00:05]} 48. Rxd5 {[%clk 0:00:56]} Rxb3
{[%clk 0:00:06]} 49. Rxa5 {[%clk 0:00:57]} Rb6 {[%clk 0:00:06]} 50. Rg5
{[%clk 0:00:56]} Ke7 {[%clk 0:00:06]} 51. a5 {[%clk 0:00:57]} Ra6
{[%clk 0:00:07]} 52. f4 {[%clk 0:00:57]} Kf6 {[%clk 0:00:08]} 53. Kg4
{[%clk 0:00:57]} Rc6 {[%clk 0:00:08]} 54. Rb5 {[%clk 0:00:53]} Rc4
{[%clk 0:00:04]} 55. Rb6+ {[%clk 0:00:53]} Ke7 {[%clk 0:00:05]} 56. a6
{[%clk 0:00:55]} Ra4 {[%clk 0:00:06]} 57. Kg5 {[%clk 0:00:55]} Ra5+
{[%clk 0:00:08]} 58. f5 {[%clk 0:00:56]} Kf8 {[%clk 0:00:06]} 59. Rb8+
{[%clk 0:00:54]} Ke7 {[%clk 0:00:06]} 60. Rb7+ {[%clk 0:00:55]} Kf8
{[%clk 0:00:07]} 61. a7 {[%clk 0:00:55]} 1-0

[Event "Blitz 2018"]
[Site "Saint-Petersburg"]
[Date "2018.12.29"]
[Round "4"]
[Board "99"]
[White "Hirneise Jens (GER)"]
[Black "Lobanov Sergei (RUS)"]
[Result "0-1"]
[BlackElo "2434"]
[WhiteElo "2363"]
[LiveChessVersion "1.4.8"]

1. e4 {[%clk 0:03:03]} c5 {[%clk 0:03:04]} 2. Nf3 Nc6 3. d4 {[%clk 0:03:06]} cxd4
{[%clk 0:03:07]} 4. Nxd4 {[%clk 0:03:06]} Qb6 {[%clk 0:03:08]} 5. Nb3
{[%clk 0:03:07]} Nf6 {[%clk 0:03:09]} 6. Nc3 e6 7. Bd3 {[%clk 0:03:09]} Bb4
{[%clk 0:03:10]} 8. Qe2 {[%clk 0:03:05]} d5 {[%clk 0:03:00]} 9. exd5
{[%clk 0:02:54]} Nxd5 {[%clk 0:02:55]} 10. Bd2 {[%clk 0:02:54]} Nxc3
{[%clk 0:02:46]} 11. bxc3 {[%clk 0:02:51]} Be7 {[%clk 0:02:43]} 12. O-O
{[%clk 0:02:45]} e5 {[%clk 0:02:34]} 13. Kh1 {[%clk 0:02:39]} Be6
{[%clk 0:02:23]} 14. a4 {[%clk 0:02:34]} a6 {[%clk 0:02:05]} 15. a5
{[%clk 0:02:32]} Qc7 {[%clk 0:02:06]} 16. c4 {[%clk 0:02:23]} O-O
{[%clk 0:01:59]} 17. f4 {[%clk 0:02:11]} exf4 {[%clk 0:00:42]} 18. Bxf4
{[%clk 0:02:11]} Bd6 {[%clk 0:00:43]} 19. Qe4 {[%clk 0:01:58]} g6
{[%clk 0:00:44]} 20. Bh6 {[%clk 0:01:23]} Rfe8 {[%clk 0:00:45]} 21. Qh4
{[%clk 0:01:20]} Be5 {[%clk 0:00:25]} 22. Rae1 {[%clk 0:01:13]} f5
{[%clk 0:00:21]} 23. Bd2 {[%clk 0:01:05]} Rad8 {[%clk 0:00:14]} 24. Bg5
{[%clk 0:00:36]} Rc8 {[%clk 0:00:15]} 25. Bf6 {[%clk 0:00:30]} Bxf6
{[%clk 0:00:13]} 26. Qxf6 {[%clk 0:00:31]} Qf7 {[%clk 0:00:12]} 27. Qxf7+
{[%clk 0:00:27]} Bxf7 {[%clk 0:00:13]} 28. Rxe8+ {[%clk 0:00:17]} Rxe8
{[%clk 0:00:13]} 29. Ra1 {[%clk 0:00:18]} Re5 {[%clk 0:00:12]} 30. Kg1
{[%clk 0:00:14]} Kf8 {[%clk 0:00:10]} 31. Kf2 {[%clk 0:00:15]} Ke7
{[%clk 0:00:11]} 32. g3 {[%clk 0:00:09]} Kd6 {[%clk 0:00:10]} 33. h4
{[%clk 0:00:09]} Re7 {[%clk 0:00:06]} 34. h5 {[%clk 0:00:08]} Ne5
{[%clk 0:00:07]} 35. hxg6 hxg6 36. Nd2 {[%clk 0:00:05]} Ng4+ {[%clk 0:00:08]} 37.
Kg2 {[%clk 0:00:03]} Ne5 {[%clk 0:00:07]} 38. Kf2 {[%clk 0:00:03]} Kc6
{[%clk 0:00:07]} 39. Rb1 {[%clk 0:00:04]} Nd7 {[%clk 0:00:05]} 40. Nf3
{[%clk 0:00:04]} Kc7 {[%clk 0:00:05]} 41. Ng5 {[%clk 0:00:04]} Bg8
{[%clk 0:00:06]} 42. Nf3 {[%clk 0:00:05]} Ne5 {[%clk 0:00:06]} 43. Ne1
{[%clk 0:00:04]} Nxc4 {[%clk 0:00:05]} 44. Bxc4 {[%clk 0:00:04]} Bxc4
{[%clk 0:00:06]} 45. Nf3 {[%clk 0:00:04]} Re2+ {[%clk 0:00:06]} 46. Kg1
{[%clk 0:00:05]} Rxc2 {[%clk 0:00:06]} 47. Ne5 {[%clk 0:00:06]} Bd5
{[%clk 0:00:07]} 48. Nxg6 {[%clk 0:00:06]} Rg2+ {[%clk 0:00:07]} 49. Kf1
{[%clk 0:00:07]} Rxg3 {[%clk 0:00:08]} 50. Nf4 {[%clk 0:00:08]} Rf3+
{[%clk 0:00:08]} 0-1

[Event "Blitz 2018"]
[Site "Saint-Petersburg"]
[Date "2018.12.29"]
[Round "4"]
[Board "100"]
[White "Al Thebaiti Ahmed M (KSA)"]
[Black "Zaitsev Alexander (RUS)"]
[Result "1/2-1/2"]
[BlackElo "2402"]
[WhiteElo "1976"]
[LiveChessVersion "1.4.8"]

1. d4 {[%clk 0:03:02]} Nf6 {[%clk 0:03:04]} 2. Bf4 {[%clk 0:03:03]} d5
{[%clk 0:03:02]} 3. e3 {[%clk 0:03:04]} e6 {[%clk 0:03:01]} 4. Nd2
{[%clk 0:03:03]} c5 {[%clk 0:03:02]} 5. c3 {[%clk 0:03:03]} Nc6 {[%clk 0:03:03]}
6. Ngf3 {[%clk 0:02:59]} Bd6 {[%clk 0:03:04]} 7. Bg3 {[%clk 0:02:59]} O-O
{[%clk 0:03:01]} 8. Bd3 {[%clk 0:03:00]} b6 {[%clk 0:02:58]} 9. O-O
{[%clk 0:03:00]} Bb7 {[%clk 0:02:28]} 10. Ne5 {[%clk 0:02:58]} Ne7
{[%clk 0:02:16]} 11. Qe2 {[%clk 0:02:47]} Nf5 {[%clk 0:02:08]} 12. a4
{[%clk 0:02:21]} Nxg3 {[%clk 0:02:08]} 13. hxg3 {[%clk 0:02:22]} Qc7
{[%clk 0:01:27]} 14. f4 {[%clk 0:02:21]} Ne4 {[%clk 0:01:26]} 15. Bxe4
{[%clk 0:01:23]} dxe4 {[%clk 0:01:26]} 16. a5 {[%clk 0:01:16]} f6
{[%clk 0:00:59]} 17. a6 {[%clk 0:01:11]} Bd5 {[%clk 0:00:43]} 18. c4
{[%clk 0:01:10]} fxe5 {[%clk 0:00:39]} 19. fxe5 {[%clk 0:00:58]} Bc6
{[%clk 0:00:26]} 20. exd6 {[%clk 0:00:56]} Qxd6 {[%clk 0:00:28]} 21. Nb3
{[%clk 0:00:44]} Qxg3 {[%clk 0:00:19]} 22. dxc5 {[%clk 0:00:43]} bxc5
{[%clk 0:00:15]} 23. Nxc5 {[%clk 0:00:41]} Qe5 {[%clk 0:00:15]} 24. Nb3
{[%clk 0:00:35]} Rab8 {[%clk 0:00:09]} 25. Nd4 {[%clk 0:00:35]} Bd7
{[%clk 0:00:10]} 26. b3 {[%clk 0:00:35]} Qg5 {[%clk 0:00:08]} 27. Rxf8+
{[%clk 0:00:24]} Rxf8 {[%clk 0:00:10]} 28. Rf1 {[%clk 0:00:24]} Rxf1+
{[%clk 0:00:11]} 29. Kxf1 {[%clk 0:00:25]} e5 {[%clk 0:00:12]} 30. Nb5
{[%clk 0:00:20]} Bg4 {[%clk 0:00:06]} 31. Qd2 {[%clk 0:00:19]} h6
{[%clk 0:00:06]} 32. Nd6 {[%clk 0:00:18]} Qh4 {[%clk 0:00:06]} 33. Nxe4
{[%clk 0:00:12]} Bf5 {[%clk 0:00:03]} 34. Qd5+ {[%clk 0:00:08]} Kh7
{[%clk 0:00:03]} 35. Nf6+ {[%clk 0:00:08]} Qxf6 {[%clk 0:00:04]} 36. Qf3
{[%clk 0:00:10]} Qxa6 {[%clk 0:00:05]} 37. Qxf5+ Kg8 38. Qxe5 {[%clk 0:00:08]}
Qb6 {[%clk 0:00:08]} 39. Qd5+ {[%clk 0:00:07]} Kh8 {[%clk 0:00:09]} 40. c5
{[%clk 0:00:07]} Qb5+ {[%clk 0:00:11]} 41. Kg1 {[%clk 0:00:08]} Qb4
{[%clk 0:00:12]} 42. c6 {[%clk 0:00:07]} Qe1+ {[%clk 0:00:13]} 43. Kh2
{[%clk 0:00:08]} Qh4+ {[%clk 0:00:14]} 44. Kg1 {[%clk 0:00:07]} Qe1+
{[%clk 0:00:16]} 45. Kh2 {[%clk 0:00:08]} Qh4+ {[%clk 0:00:13]} 46. Kg1 1/2-1/2

[Event "Blitz 2018"]
[Site "Saint-Petersburg"]
[Date "2018.12.29"]
[Round "5"]
[Board "2"]
[White "Mamedov Rauf (AZE)"]
[Black "Postny Evgeny (ISR)"]
[Result "1-0"]
[BlackElo "2657"]
[WhiteElo "2741"]
[LiveChessVersion "1.4.8"]

1. e4 {[%clk 0:03:03]} e5 {[%clk 0:03:03]} 2. Nf3 {[%clk 0:03:04]} Nc6
{[%clk 0:03:04]} 3. d4 {[%clk 0:03:06]} exd4 {[%clk 0:03:04]} 4. Bc4
{[%clk 0:03:07]} Nf6 {[%clk 0:03:04]} 5. e5 {[%clk 0:03:08]} d5 {[%clk 0:03:04]}
6. Bb5 {[%clk 0:03:09]} Nd7 {[%clk 0:03:05]} 7. O-O {[%clk 0:03:04]} Be7
{[%clk 0:03:06]} 8. Re1 {[%clk 0:02:52]} O-O {[%clk 0:03:05]} 9. Bxc6
{[%clk 0:02:50]} bxc6 {[%clk 0:03:06]} 10. Nxd4 {[%clk 0:02:51]} Nb8
{[%clk 0:03:07]} 11. Qf3 {[%clk 0:02:47]} c5 {[%clk 0:02:59]} 12. Nf5
{[%clk 0:02:43]} Bxf5 {[%clk 0:02:59]} 13. Qxf5 {[%clk 0:02:44]} Qd7
{[%clk 0:02:52]} 14. Qxd7 {[%clk 0:01:58]} Nxd7 {[%clk 0:02:52]} 15. Nc3
{[%clk 0:01:57]} c6 {[%clk 0:02:50]} 16. b3 {[%clk 0:01:35]} Rfe8
{[%clk 0:02:47]} 17. Ba3 {[%clk 0:01:34]} Nf8 {[%clk 0:02:38]} 18. f4
{[%clk 0:01:32]} Ne6 {[%clk 0:02:35]} 19. Ne2 {[%clk 0:01:25]} g6
{[%clk 0:02:33]} 20. g3 {[%clk 0:01:09]} a5 {[%clk 0:02:33]} 21. Rab1
{[%clk 0:00:32]} a4 {[%clk 0:02:32]} 22. b4 {[%clk 0:00:33]} c4 {[%clk 0:02:29]}
23. c3 {[%clk 0:00:34]} Bd8 {[%clk 0:02:09]} 24. Kg2 {[%clk 0:00:26]} Bb6
{[%clk 0:02:08]} 25. Red1 {[%clk 0:00:28]} Rad8 {[%clk 0:01:54]} 26. Bc1
{[%clk 0:00:26]} f6 {[%clk 0:01:50]} 27. exf6 {[%clk 0:00:10]} Kf7
{[%clk 0:01:51]} 28. g4 {[%clk 0:00:09]} Kxf6 {[%clk 0:01:46]} 29. Ng3
{[%clk 0:00:10]} Nc7 {[%clk 0:01:14]} 30. f5 {[%clk 0:00:08]} gxf5
{[%clk 0:01:10]} 31. h4 {[%clk 0:00:07]} Kf7 {[%clk 0:00:44]} 32. Rf1
{[%clk 0:00:09]} Nb5 {[%clk 0:00:45]} 33. Rxf5+ {[%clk 0:00:10]} Kg8
{[%clk 0:00:45]} 34. Bh6 {[%clk 0:00:10]} Re6 {[%clk 0:00:35]} 35. g5
{[%clk 0:00:12]} Nd6 {[%clk 0:00:20]} 36. Rf3 {[%clk 0:00:13]} Nf7
{[%clk 0:00:18]} 37. Nf5 {[%clk 0:00:13]} Nxh6 {[%clk 0:00:11]} 38. Nxh6+
{[%clk 0:00:14]} Kg7 {[%clk 0:00:12]} 39. Rbf1 {[%clk 0:00:13]} d4
{[%clk 0:00:10]} 40. cxd4 {[%clk 0:00:11]} Bxd4 {[%clk 0:00:10]} 41. h5
{[%clk 0:00:12]} Ree8 {[%clk 0:00:03]} 42. Rf7+ Kh8 43. Rc7 {[%clk 0:00:12]} Rc8
{[%clk 0:00:04]} 44. Rd7 {[%clk 0:00:13]} Bg7 {[%clk 0:00:05]} 45. Rff7
{[%clk 0:00:13]} Bxh6 {[%clk 0:00:05]} 46. Rxh7+ Kg8 47. gxh6 {[%clk 0:00:15]}
1-0

[Event "Blitz 2018"]
[Site "Saint-Petersburg"]
[Date "2018.12.29"]
[Round "5"]
[Board "4"]
[White "Dreev Aleksey (RUS)"]
[Black "Nepomniachtchi Ian (RUS)"]
[Result "1/2-1/2"]
[BlackElo "2846"]
[WhiteElo "2675"]
[LiveChessVersion "1.4.8"]

1. d4 {[%clk 0:03:03]} Nf6 {[%clk 0:03:02]} 2. c4 {[%clk 0:03:04]} g6
{[%clk 0:03:03]} 3. Nc3 {[%clk 0:03:05]} d5 {[%clk 0:03:05]} 4. Bf4
{[%clk 0:03:04]} Bg7 {[%clk 0:03:06]} 5. Nf3 {[%clk 0:03:04]} O-O
{[%clk 0:03:05]} 6. Rc1 {[%clk 0:03:05]} dxc4 {[%clk 0:03:03]} 7. e3
{[%clk 0:03:05]} c5 {[%clk 0:03:04]} 8. Bxc4 {[%clk 0:03:04]} cxd4
{[%clk 0:02:58]} 9. Nxd4 {[%clk 0:03:04]} a6 {[%clk 0:02:54]} 10. O-O
{[%clk 0:02:59]} Bd7 {[%clk 0:02:44]} 11. Be2 {[%clk 0:02:55]} Nc6
{[%clk 0:02:45]} 12. Nb3 {[%clk 0:02:38]} Bf5 {[%clk 0:02:00]} 13. Bf3
{[%clk 0:02:24]} Nd7 {[%clk 0:01:54]} 14. Bxc6 {[%clk 0:01:58]} bxc6
{[%clk 0:01:55]} 15. Nd4 {[%clk 0:01:54]} Rc8 {[%clk 0:01:53]} 16. Nxf5
{[%clk 0:01:47]} gxf5 {[%clk 0:01:54]} 17. Qh5 {[%clk 0:01:38]} Qa5
{[%clk 0:01:43]} 18. e4 {[%clk 0:01:26]} e6 {[%clk 0:01:26]} 19. exf5
{[%clk 0:01:24]} Nf6 {[%clk 0:01:27]} 20. Qh3 {[%clk 0:01:22]} Qxf5
{[%clk 0:01:25]} 21. Qxf5 {[%clk 0:01:22]} exf5 {[%clk 0:01:26]} 22. Rfe1
{[%clk 0:01:00]} 1/2-1/2